000 00503nam a2200169 i 4500
001 29469
003 ES-MaACL
005 20230906154035.0
007 t|
008 030122s1967 sp ||||1| spa d
100 1 _aBarce, Ramón.
_925496
245 1 0 _aMúsica abierta, ventana al infinito /
_cRamón Barce.
260 _a[S.l. :
_b[s.n.,
_c1967]
300 _a12 p. ;
_c26 cm.
500 _aEs Separata de: Atlántida, vol. V, 1967, núm. 29-30, p. 515-526.
852 _aES-MaACL
_j2062-F-40
_bR.66011
999 _c29469
_d29469